Kyōto no densetsu /

Saved in:
Bibliographic Details
Main Author: Koma, Toshio, 1925-
Other Authors: Nakagawa, Masafumi, 1921-
Format: Book
Language:Japanese
Published: Tōkyō : Kadokawa Shoten, Shōwa 51 [1976]
Series:Nihon no densetsu ; 1
Subjects:
Tags: Add Tag
No Tags, Be the first to tag this record!
LEADER 01141nam a2200337ui 4500
001 007716952-2
005 20024617120653.0
008 920306s1976 ja abf 000 0 jpn
010 |a 76804813 /J 
015 |a Ja76-4496 
020 |c Y980 
035 0 |a ocm25672812 
040 |a DLC  |c *BZV*  |d *YNH*  |d CStRLIN 
043 |a a-ja--- 
050 0 |a GR341.K93  |b K65 
100 1 |6 880-01  |a Koma, Toshio,  |d 1925- 
245 1 0 |6 880-02  |a Kyōto no densetsu /  |c Koma Toshio, Nakagawa Masafumi [cho]. 
260 |6 880-03  |a Tōkyō :  |b Kadokawa Shoten,  |c Shōwa 51 [1976] 
300 |a 249 p., [1] leaf of plates :  |b ill., maps (fold. col. in pocket) ;  |c 19 cm. 
490 0 |6 880-04  |a Nihon no densetsu ;  |v 1 
500 |a In Japanese. 
500 |a Map of Kyoto inserted. 
650 0 |a Legends  |z Japan  |z Kyoto. 
700 1 |6 880-05  |a Nakagawa, Masafumi,  |d 1921- 
880 1 |6 100-01  |a 駒敏郎  |d 1925- 
880 1 0 |6 245-02  |a 京都の伝說 /  |c 駒敏郎, 中川正文[著]. 
880 |6 260-03  |a 東京 :  |b 角川書店,  |c 昭和51 [1976] 
880 0 |6 490-04  |a 日本の伝說 ;  |v 1 
880 1 |6 700-05  |a 中川正文,  |d 1921- 
988 |a 20021214 
906 |0 DLC